000 00623cam a2200217 4500
001 3603236
005 20180302032909.0
008 710128m19711988nyua b 001 0 eng
010 _a 71138520
020 _a0306371316 (v. 1)
040 _aDLC
_cDLC
_dDLC
041 _aeng
080 _a599.0192
082 0 0 _a599.0192 SET
100 1 _a12
101 _aKIM
245 1 4 _aThe bile acids;
_cEdited by Padmanabhan P. Nair and David Kritchevsky.
504 _aIncludes bibliographical references.
906 _a7
_bcbc
_corignew
_d2
_encip
_f19
_gy-gencatlg
942 _2ddc
_cBK
999 _c43911
_d43911